<?xml version="1.0" encoding="UTF-8"?>
<record
    xmlns:xsi="http://www.w3.org/2001/XMLSchema-instance"
    xsi:schemaLocation="http://www.loc.gov/MARC21/slim http://www.loc.gov/standards/marcxml/schema/MARC21slim.xsd"
    xmlns="http://www.loc.gov/MARC21/slim">

  <leader>00763nam a22001937a 4500</leader>
  <controlfield tag="005">20240710122057.0</controlfield>
  <controlfield tag="008">090826t        xxu||||| |||| 00| 0 eng d</controlfield>
  <datafield tag="010" ind1=" " ind2=" ">
    <subfield code="a">ENG-140812</subfield>
  </datafield>
  <datafield tag="020" ind1=" " ind2=" ">
    <subfield code="a">978-93-937-9090-3</subfield>
    <subfield code="c">744.00</subfield>
  </datafield>
  <datafield tag="035" ind1=" " ind2=" ">
    <subfield code="a">EN-124344</subfield>
  </datafield>
  <datafield tag="037" ind1=" " ind2=" ">
    <subfield code="b">DBAD</subfield>
  </datafield>
  <datafield tag="082" ind1=" " ind2=" ">
    <subfield code="a">500</subfield>
  </datafield>
  <datafield tag="245" ind1=" " ind2=" ">
    <subfield code="a">Neet Foundation Physics Chemistry Biology/</subfield>
    <subfield code="h">English</subfield>
  </datafield>
  <datafield tag="260" ind1=" " ind2=" ">
    <subfield code="b">by Person India Education Services Pvt. Ltd,CIN: U72200TN2005PTC057128.</subfield>
    <subfield code="a">Uttar Pradesh</subfield>
    <subfield code="c">2022</subfield>
  </datafield>
  <datafield tag="270" ind1=" " ind2=" ">
    <subfield code="a">15th Floor,Tower-B,World Trade Tower,PlotNo.1,Block-C,Sector16,Noida201 301,</subfield>
    <subfield code="b">Uttar Pradesh</subfield>
    <subfield code="e">201 302</subfield>
    <subfield code="k">044-66540100</subfield>
  </datafield>
  <datafield tag="300" ind1=" " ind2=" ">
    <subfield code="a">various pages:                                          </subfield>
    <subfield code="c">25cm(pb)</subfield>
  </datafield>
  <datafield tag="500" ind1=" " ind2=" ">
    <subfield code="a">Based On NCERT Curriculum 2022</subfield>
  </datafield>
  <datafield tag="942" ind1=" " ind2=" ">
    <subfield code="2">ddc</subfield>
    <subfield code="c">EN</subfield>
    <subfield code="h">500</subfield>
  </datafield>
  <datafield tag="999" ind1=" " ind2=" ">
    <subfield code="c">204012</subfield>
    <subfield code="d">204012</subfield>
  </datafield>
  <datafield tag="952" ind1=" " ind2=" ">
    <subfield code="0">0</subfield>
    <subfield code="1">0</subfield>
    <subfield code="2">ddc</subfield>
    <subfield code="4">0</subfield>
    <subfield code="7">0</subfield>
    <subfield code="8">NFIC</subfield>
    <subfield code="a">NPL</subfield>
    <subfield code="b">NPL</subfield>
    <subfield code="d">2024-07-08</subfield>
    <subfield code="e">DBAD</subfield>
    <subfield code="g">744.00</subfield>
    <subfield code="l">0</subfield>
    <subfield code="o">500 NEE</subfield>
    <subfield code="p">EN-124344</subfield>
    <subfield code="r">2024-07-08 00:00:00</subfield>
    <subfield code="t">1</subfield>
    <subfield code="v">744.00</subfield>
    <subfield code="w">2024-07-08</subfield>
    <subfield code="y">EN</subfield>
  </datafield>
</record>
